| Tag |
First Indicator |
Second Indicator |
Subfields |
| LEADER |
00000cam a2200000 4500 |
| 001 |
in00000041123 |
| 005 |
20151007070638.0 |
| 008 |
750417s1948 nyuac 00000 eng u |
| 010 |
|
|
|a agr48000288
|
| 035 |
|
|
|a (OCoLC)01282598
|
| 035 |
|
|
|9 AAE4421AM
|
| 040 |
|
|
|c ORL
|d TXA
|d UtOrBLW
|
| 049 |
|
|
|a TXAM
|c [163195]
|
| 050 |
0 |
0 |
|a QK73.F28
|b W3
|
| 082 |
0 |
|
|a 580.74
|
| 092 |
|
|
|a 580.74
|b F165Yw
|
| 100 |
1 |
|
|a Wait, Lucita Hardie.
|
| 245 |
1 |
0 |
|a Fairchild Tropical Garden--the first ten years.
|
| 264 |
|
1 |
|a New York :
|b Ronald Press Co.,
|c [1948]
|
| 300 |
|
|
|a xii, 381 pages :
|b illustrations, portraits ;
|c 21 cm.
|
| 336 |
|
|
|a text
|b txt
|2 rdacontent
|
| 337 |
|
|
|a unmediated
|b n
|2 rdamedia
|
| 338 |
|
|
|a volume
|b nc
|2 rdacarrier
|
| 610 |
2 |
0 |
|a Fairchild Tropical Garden.
|
| 650 |
|
0 |
|a Tropical plants.
|
| 999 |
|
|
|a MARS
|
| 999 |
f |
f |
|s badfb7af-63a3-3c29-9204-734aecdb9564
|i 48484583-a07e-3586-aaff-1d140ca74c73
|t 0
|
| 952 |
f |
f |
|p ric
|a Texas A&M University
|b Rellis Campus
|c Joint Library Facility
|d Remote Storage
|t 0
|e QK73.F28 W3
|h Library of Congress classification
|i unmediated -- volume
|m A14800985346
|
| 998 |
f |
f |
|a QK73.F28 W3
|t 0
|l Remote Storage
|